Normal view
MARC view
Entry Genre/Form Term
001 - CONTROL NUMBER
- control field: 37251
003 - CONTROL NUMBER IDENTIFIER
- control field: ARRUPE
005 - DATE AND TIME OF LATEST TRANSACTION
- control field: 20171025095823.0
008 - FIXED-LENGTH DATA ELEMENTS
- fixed length control field: 171025|| aca||aabn | a|a d
040 ## - CATALOGING SOURCE
- Original cataloging agency: ARRUPE
- Transcribing agency: ARRUPE
155 ## - HEADING--GENRE/FORM TERM
- Genre/form term: Allegories.
670 ## - SOURCE DATA FOUND
- Source citation: Work cat.: (ARRUPE)0: Coetzee, J. M., 1940- 37248, Waiting for the barbarians /, 1980.